LEADER 01004cam0-2200349---450- 001 990009536530403321 005 20120626110015.0 010 $a9788849131970 035 $a000953653 035 $aFED01000953653 035 $a(Aleph)000953653FED01 035 $a000953653 100 $a20120301d2010----km-y0itay50------ba 101 0 $aita 102 $aIT 105 $aa-------001yy 200 1 $aVox populi?$epratiche plebiscitarie in Francia, Italia, Germania (secoli XVIII-XX)$fa cura di Enzo Fimiani 210 $aBologna$cCLUEB$d2010 215 $a212 p.$cill.$d21 cm 225 1 $aPassato Futuro$v18 610 0 $aPlebisciti$aEuropa$aSec. 18.-20. 676 $a324.94$v21$zita 702 1$aFimiani,$bEnzo 801 0$aIT$bUNINA$gREICAT$2UNIMARC 901 $aBK 912 $a990009536530403321 952 $aCollez. 2234 (18)$b47821$fFSPBC 952 $a324.94 FIM 1$bDip.Disc.St.13173$fFLFBC 959 $aFLFBC 959 $aFSPBC 996 $aVox populi?$9226385 997 $aUNINA LEADER 01488nam0-2200457---450 001 990009833580403321 005 20220913095629.0 010 $a978-88-7075-748-4 035 $a000983358 035 $aFED01000983358 035 $a(Aleph)000983358FED01 035 $a000983358 100 $a20140306d2013----km-y0itay50------ba 101 0 $aita 102 $aIT 105 $aa---a---001yy 200 1 $a<>spazio della biblioteca$eculture e pratiche del progetto tra architettura e biblioteconomia$fa cura di Maurizio Vivarelli$gcollaborazione di Raffaella Magnano$gprefazione di Giovanni Solimine$gpostfazione di Giovanni Di Domenico 210 $aMilano$cEditrice Bibliografica$d2013 215 $a532 p.$cill.$d24 cm 225 1 $aBibliografia e biblioteconomia$iSpirali 610 0 $aBiblioteche pubbliche$aProgettazione 676 $a727.8 676 $a727.824$v23$zita 702 1$aVivarelli,$bMaurizio 702 1$aSolimine,$bGiovanni$f<1951- > 702 1$aDi Domenico,$bGiovanni 801 0$aIT$bUNINA$gRICA$2UNIMARC 901 $aBK 912 $a990009833580403321 952 $a13 U 03 33$b18751$fFINBC 952 $aVIV727.8A$b21654$fDECBC 952 $aBIBL B 417$b21384$fFARBC 952 $a60 727.824 VIVM 2013$b174/2017$fFAGBC 952 $a727.8 VIVM 01$b2022/1338$fFLFBC 959 $aFLFBC 959 $aFINBC 959 $aDECBC 959 $aFARBC 959 $aFAGBC 996 $aSpazio della biblioteca$957728 997 $aUNINA